000 01013nam a2200205 u 4500
001 000570568
003 AM-YeHGA
005 20250617140745.0
008 080305|1960 ai | |||||||||||||arm|d
040 _aAM-YeHGA
041 1 _aarm
245 0 0 _aԱվտոտրանսպորտում արտադրանքի միասնական նորմաները և ավտոմոբիլների շոֆերների աշխատանքի վարձատրումը /
_cԽմբ.՝ Հ. Կարապետյան; Թարգմ.՝ Ա. Դարբինյան; ՀՍՍՌ Ավտոմոբիլ. տրանսպորտի մին.
260 _aԵրևան :
_bՀՍՍՌ Կուլտ. մին. հրատ.,
_c1960.
300 _a37 էջ :
_bաղյս. ;
_c26 սմ.
650 1 4 _aԱվտոմոբիլների տեխնիկական շահագործում
700 1 _aԿարապետյան, Հ.
_eխմբ.
_4edt
700 1 _aԴարբինյան, Ա.
_eթարգմ.
_4trl
710 2 _aԱվտոմոբիլային տրանսպորտի մինիստրություն ՀՍՍՌ
090 _c227705
999 _c226163
_d226163